| Tag |
First Indicator |
Second Indicator |
Subfields |
| LEADER |
00000cam a2200000 a 4500 |
| 001 |
in00001276621 |
| 005 |
20151004071140.0 |
| 008 |
950503s1996 njua b 001 0deng |
| 010 |
|
|
|a 95019124
|
| 020 |
|
|
|a 0945636792 (alk. paper)
|
| 035 |
|
|
|a (OCoLC)32509152
|
| 035 |
|
|
|9 AGY1683AM
|
| 040 |
|
|
|a DLC
|c DLC
|d UtOrBLW
|
| 043 |
|
|
|a n-us-pa
|
| 049 |
|
|
|a TXAM
|
| 050 |
0 |
0 |
|a PS3537.T4753
|b Z6763 1996
|
| 082 |
0 |
0 |
|a 811/.52
|2 20
|
| 100 |
1 |
|
|a Lombardi, Thomas F.
|
| 245 |
1 |
0 |
|a Wallace Stevens and the Pennsylvania keystone :
|b the influence of origins on his life and poetry /
|c Thomas Francis Lombardi.
|
| 264 |
|
1 |
|a Selinsgrove, Pa. :
|b Susquehanna University Press,
|c [1996]
|
| 264 |
|
4 |
|c ©1996
|
| 300 |
|
|
|a 290 pages :
|b illustrations ;
|c 24 cm.
|
| 336 |
|
|
|a text
|b txt
|2 rdacontent
|
| 337 |
|
|
|a unmediated
|b n
|2 rdamedia
|
| 338 |
|
|
|a volume
|b nc
|2 rdacarrier
|
| 504 |
|
|
|a Includes bibliographical references (pages 270-273) and indexes.
|
| 600 |
1 |
0 |
|a Stevens, Wallace,
|d 1879-1955
|x Knowledge
|x Pennsylvania.
|
| 651 |
|
0 |
|a Pennsylvania
|x In literature.
|
| 600 |
1 |
0 |
|a Stevens, Wallace,
|d 1879-1955
|x Homes and haunts
|z Pennsylvania.
|
| 999 |
|
|
|a MARS
|
| 999 |
f |
f |
|s ad07fd35-96a6-331d-ac4e-5ef89ddb15a9
|i a1009fa3-07da-3feb-8c5f-bc320ff016f7
|t 0
|
| 952 |
f |
f |
|p ric
|a Texas A&M University
|b Rellis Campus
|c Joint Library Facility
|d Remote Storage
|t 0
|e PS3537.T4753 Z6763 1996
|h Library of Congress classification
|i unmediated -- volume
|m A14820038614
|
| 998 |
f |
f |
|a PS3537.T4753 Z6763 1996
|t 0
|l Remote Storage
|